| 000 | 00810cam a2200265 4500 | ||
|---|---|---|---|
| 001 | 3594183 | ||
| 003 | OSt | ||
| 005 | 20140310182037.0 | ||
| 008 | 700429s1968 nyuab b 001 0 eng | ||
| 010 | _a 68022310 | ||
| 020 | _a0030710707 | ||
| 040 |
_aDLC _cDLC _dDLC |
||
| 050 | 0 | 0 |
_aF 2520.1 _b.C456 1968 |
| 082 | 0 | 0 |
_aHS 301.29 _bC34 1968 |
| 100 |
_aChagnon, Napoleon A., _d1938- _910839 |
||
| 245 | 1 | 0 |
_aYa̦nomamö, the fierce people, _cby Napoleon A. Chagnon. |
| 260 |
_aNew York, _bHolt, Rinehart and Winston _c[1968] |
||
| 300 |
_a142 p. _billus., maps. _c24 cm. |
||
| 440 | 0 |
_aCase studies in cultural anthropology _910727 |
|
| 504 | _aBibliography: p. 141-142. | ||
| 650 | 0 |
_aYanomamo Indians. _910840 |
|
| 906 |
_a7 _bcbc _corignew _du _encip _f19 _gy-gencatlg |
||
| 942 |
_2lcc _cHS |
||
| 999 |
_c8710 _d8710 |
||